000 00584nam a2200193Ia 4500
003 GCL
008 140319s9999 xx 000 0 ara d
040 _aGCL /
_cGCL
082 0 4 _aد
_b050
100 1 _aفؤاد زكريا
245 1 0 _aحكمة الغرب : الجزء الاول(عالم المعرفة 62) /
_cفؤاد زكريا
700 1 _aرسل ، برتراند
300 _a320 ص
490 _aعالم المعرفة
_v0
650 0 4 _aالفلسفة
650 0 4 _aالفلسفة اليونانية
650 0 4 _aالفلسفة الغربية
942 _2ddc
_cBK
999 _c50436
_d50436